=LDR 00000nam 2200000 4500 =001 INLIS000000000023904 =005 20130612122526 =008 ***********************************ind** =035 ##$$0010-061300000023904 =041 ##$$a ind =082 ##$$a 4x2.03 =090 ##$$a 4x2.03, PRA b =100 ##$$a Prawiroatmodjo, S =245 ##$$a Bausastra Jawa-Indoenesia, S.Prawiroatmodjo =260 ##$$a 1985 $b Jakarta =300 ##$$a vii, 335 hlm., 21 cm =650 ##$$a Sastra Jawa =850 ##$$a NBPNMAT